000 00375nam a2200157Ia 4500
999 _c17184
_d17184
082 _aRR 004.6025 MOS;
245 0 _aMost popular websites
250 _a2nd
260 _as.l.
_bTechmedia
_c1997
300 _a1074p.
650 _aComputer science
650 _aWebsites - Directories
650 _aComputer networks
650 _aComputer network resources
942 _cBK